Responses for Show #5051 - Monday, July 24, 2006

Celeste DiNucci game 3.

Contestants

[<< previous game]

Margaret J. McCarthy, a retired attorney originally from Boston, Massachusetts

Erika Austin, a sociologist originally from Herndon, Virginia

Celeste DiNucci, a grad student from Philadelphia, Pennsylvania (whose 2-day cash winnings total $18,001)

[next game >>]

Jeopardy! Round responses

ROYAL DYNASTIES
COLLEGE SPORTS
THROW IT HERE
CAPITALISM
AMERICAN BUSINESS
"FREE" ENTERPRISE
    $200 1
Tudor

Margaret
    $200 26
hockey

Celeste
    $200 16
throw stones

Celeste
    $200 11
Warsaw

Celeste
    $200 21
Band-Aids

Margaret
    $200 6
(Erika: What is a free throw?)

a free kick

ErikaMargaret
    $400 2
Stuart

Celeste
    $400 27
the Heisman Trophy

Margaret
    $400 17
the gauntlet

Celeste
    $400 12
(Celeste: Mm, what is Addis Ababa?)

Cairo

CelesteMargaret
    $400 22
Target

Erika
    $400 7
free range

Celeste
    $600 3
Bourbon

Celeste
    $600 28
Stanford

Triple Stumper
    $600 18
a lifesaver

Erika
    $600 13
Canberra

Celeste
    $600 23
Minute Maid

Erika
    $600 8
a free agent

Celeste
    $800 4
Hapsburg

Triple Stumper
    $800 29
(Alex: Hey, all right! And now the last--)
(Margaret: That's my alma mater.)
(Alex: Good for you!)

the Eagles

Margaret
    $800 19
(Alex: I'm not sure ventriloquize is a verb. It may well be. But [*] is correct.)

ventriloquism (to ventriloquize accepted)

Celeste
    $800 14
(Margaret: What is Oslo?)

Stockholm

CelesteMargaret
    $800 24
a BlackBerry

Margaret
    $800 9
free verse

Celeste
    $1000 5
Ming

Celeste
    $1000 30
Bobby Knight

Erika
    $1000 20
(Celeste: Who is Taft?)

(Woodrow) Wilson

CelesteMargaret
    $1000 15
Ottawa

Celeste
    $800 25
(Margaret: What is OshKosh? ...B'Gosh?)
(Alex: Thank you! Sometimes it helps if I look at you.)
(Margaret: Yes, very much!)
(Alex: It helps you a little more.)

OshKosh B'Gosh

Margaret
    $1000 10
a free-fire zone

Triple Stumper

Scores at the first commercial break (after clue 15):

Celeste Erika Margaret
$6,000 -$200 $0

Scores at the end of the Jeopardy! Round:

Celeste Erika Margaret
$6,600 $2,400 $4,000

Double Jeopardy! Round responses

AMERICAN HISTORY
20th CENTURY POP CULTURE
SHAKESPEARE PLAYS BY CHARACTER
FAMOUS LASS WORDS
"D" IN SCIENCE
PRONOUNS
    $400 2
steam

Celeste
    $400 1
Adventures

Margaret
    $400 3
(Celeste: Um, what is Merchant of Venice?)
...
(Celeste: Yes, yes, yes, yes. Sh--oh, I'm so embarrassed!)

Romeo & Juliet

Celeste
Triple Stumper
    $400 9
(Margaret: What is uranium?)
...
(Alex: The Curies were working a great deal with [*].)

radium

Margaret
Triple Stumper
    $400 17
[Margarat gave both listed responses.]

detox (or detoxification)

Margaret
    $400 19
any (from Albany)

Margaret
    $800 5
(Margaret: What is Natchez?)

Memphis

Margaret
Triple Stumper
    $800 27
(Celeste: Uh... wh... I'm sorry.)
(Alex: Not much time.)
(Celeste: I blanked.)

Cyndi Lauper

CelesteErika
    $800 4
Macbeth

Margaret
    $1,200 10
Golda Meir

Margaret
    $800 18
a dynamo

Margaret
    $800 20
his (from Hispaniola)

Margaret
    $1200 6
Delaware

Celeste
    $1200 28
the Orange Bowl

Erika
    $1200 13
Hamlet

Margaret
    $1200 11
Buckingham Palace

Triple Stumper
    $1200 24
(Margaret: What is they shed leaves?)
(Alex: That's it. Oh, no, sorry!)
(Margaret: Oh!)
(Alex: Sorry, my mistake. Celeste.)
(Celeste: What is they are [*]?)
(Alex: Yes, I had forgotten the category, also.)

deciduous

CelesteMargaret
    $1200 21
she (from Shekel)

Erika
    $3,000 7
(Celeste: What is the Continental Congress?)

the Constitutional Convention

Celeste
    $1600 29
[The end-of-round signal sounds.]

Philadelphia

Margaret
    $1600 15
Twelfth Night

Celeste
    $1600 12
Mary Baker Eddy

Celeste
    $1600 25
the distance between them

Celeste
    $1600 22
this (from Thisbe)

Margaret
    $2000 8
Alaska

Margaret
    $2000 16
Much Ado About Nothing

Celeste
    $2000 14
(Erika: Who is Anita Bryant?)

Phyllis Schlafly

CelesteErika
    $2000 26
deuterium

Celeste
    $2000 23
you (from Bayou)

Erika

Scores at the end of the Double Jeopardy! Round:

Celeste Erika Margaret
$16,000 $5,600 $12,800

[wagering suggestions for these scores]

Final Jeopardy! Round responses

OSCAR-NOMINATED MOVIES
(Alex: The other film was The Outsider. How much--)
(Voices offstage: Insider.)
(Alex: [Looking at his card] Insider.)
(Celeste: Insider. [Laughs])
(Alex: Well, he was outside as far as I was concerned.)
ErikaWhat is Good Night and Good Luck?
$2,500
MargaretWhat is Roger and Me?
$800
CelesteWhat is Good Night & Good Luck?
$9,601
(1 of) The Insider & Good Night, and Good Luck.

Final scores:

Celeste Erika Margaret
$25,601 $8,100 $12,000
3-day champion: $43,602 3rd place: $1,000 2nd place: $2,000

Game dynamics:

Coryat scores:

Celeste Erika Margaret
$19,000 $5,600 $12,600
23 R,
5 W
(including 1 DD)
8 R,
2 W
20 R
(including 2 DDs),
4 W

Combined Coryat: $37,200

[game clues] [game scores] [suggest correction]

Game tape date: Unknown
The J! Archive is created by fans, for fans. Scraping, republication, monetization, and malicious use prohibited; this site may use cookies and collect identifying information. See terms. The Jeopardy! game show and all elements thereof, including but not limited to copyright and trademark thereto, are the property of Jeopardy Productions, Inc. and are protected under law. This website is not affiliated with, sponsored by, or operated by Jeopardy Productions, Inc. Join the discussion at JBoard.tv.